[Event "CHN Team (Women)"]
[Site "Beijing"]
[Date "2017.06.13"]
[Round "8.2"]
[White "Cao, Yuhua"]
[Black "Chu, Ruotong"]
[Result "0-1"]
[WhiteElo "2049"]
[BlackElo "2147"]
[PlyCount "98"]
[EventDate "2017.06.06"]
[EventType "team-swiss"]
[EventRounds "9"]
[EventCountry "CHN"]
[SourceTitle "CBM 178 Extra"]
[Source "ChessBase"]
[SourceDate "2017.06.22"]
[SourceVersion "1"]
[SourceVersionDate "2017.06.22"]
[SourceQuality "1"]
[WhiteTeam "Hebei (W)"]
[BlackTeam "Tianjin (W)"]
[WhiteTeamCountry "CHN"]
[BlackTeamCountry "CHN"]

1. e4 c5 2. Nf3 e6 3. d4 cxd4 4. Nxd4 Nc6 5. Nc3 Qc7 6. Be2 Nf6 7. 0-0 Be7 8. Be3 0-0 9. Kh1 d6 10. f4 Nxd4 11. Bxd4 e5 12. Be3 exf4 13. Bxf4 a6 14. Qd3 Be6 15. Qg3 Kh8 16. Rad1 Rfd8 17. Rd2 Rac8 18. Rfd1 Qb6 19. Rb1 d5 20. e5 Ne4 21. Nxe4 dxe4 22. Rxd8+ Qxd8 23. Rc1 Qb6 24. b3 Qa5 25. a4 Ba3 26. Ra1 Bb2 27. Rb1 Qc3 28. Qxc3 Bxc3 29. Rd1 h6 30. h3 g5 31. Bg3 Kg7 32. Kg1 Rc5 33. Rd8 Ba5 34. Rb8 Rxc2 35. Bc4 Bxc4 36. bxc4 e3 37. Rxb7 Rc1+ 38. Kh2 e2 39. e6 e1Q 40. Bxe1 Rxe1 41. exf7 Re6 42. c5 Rc6 43. Ra7 Bc7+ 44. Kg1 Kxf7 45. Kf2 Ke6 46. Kf3 Kd5 47. Kg4 Kxc5 48. Rb7 Bb6 49. Kh5 Kb4 0-1